000 00698nam a2200241 i 4500
001 5705
003 ES-MaACL
005 20230906144651.0
007 t|
008 890424s1986 fr ||||1| fre d
020 _a2-8011-0588-0
080 _a44.5
100 1 _aGrevisse, Maurice.
_959962
245 1 3 _aLe Bon usage
_b: grammaire francaise /
_cMaurice Grevisse.
250 _a12e ed
_brefondue par Andre Goosse.
260 _aParis :
_bDoculot,
_c1986.
300 _aXXXVIII, 1768 p. ;
_c24 cm.
500 _aBibliografia.
500 _aIndices.
650 1 4 _aLengua francesa-
_xGramática.
_914220
700 1 _aGoosse, André.
_959124
852 _aES-MaACL
_jL-12604
_bR.115862
_z. - tela
999 _c5705
_d5705